• 首页
  • 本馆介绍
  • 公告通知
  • 最新文献
  • 馆藏检索
  • 电子资源
  • 读者导购
  • 参考咨询
  • 我的图书馆
  • 登录
  • 详细信息显示
  • 放入我的书架
  • 预约/预借图书
  • 作者相关作品
  • 分类相关作品
  • 丛书相关作品
  • 出版社相关作品

书目信息

  • 表格格式
  • 工作单格式
  • 卡片格式
题名:
气体爆炸原理与防治技术
    
 
作者: 张云明 编著
分册:  
出版信息: 北京   化学工业出版社  2018
页数: 199页
开本: 24cm
丛书名:
单 册:
中图分类: O38
科图分类:
主题词: 气体爆炸--qi ti bao zha--预防
电子资源:
ISBN: 978-7-122-32772-7
000 00917nam0 2200241 450
001 012001002581
005 20140101163914.0
010    @a978-7-122-32772-7@dCNY58.00
099    @aCAL 012018189647
100    @a20181206d2018 em y0chiy50 ea
101 0  @achi
102    @aCN@b110000
105    @aak z 000yy
106    @ar
200 1  @a气体爆炸原理与防治技术@Aqi ti bao zha yuan li yu fang zhi ji shu@f张云明编著
210    @a北京@c化学工业出版社@d2018
215    @a199页@c图@d24cm
330    @a本书系统论述了气体爆炸的物理化学基础理论、基本模式、特征参数, 全面分析了可燃气体泄漏爆炸事故致灾模式和危害特性, 并针对性地提出了灾害预防与控制技术措施和抢险救援现场处置方法。主要内容包括: 气体爆炸现象与防治技术概述、气体爆炸理论基础等。
606 0  @a气体爆炸@Aqi ti bao zha@x预防
690    @aO38@v5
701  0 @a张云明@Azhang yun ming@4编著
801  0 @aCN@b北京卓展@c20191020
905    @b1203954-7@dO38@e17@f4
    
    气体爆炸原理与防治技术/张云明编著.-北京:化学工业出版社,2018
    199页:图;24cm
    
    
    ISBN 978-7-122-32772-7:CNY58.00
    本书系统论述了气体爆炸的物理化学基础理论、基本模式、特征参数, 全面分析了可燃气体泄漏爆炸事故致灾模式和危害特性, 并针对性地提出了灾害预防与控制技术措施和抢险救援现场处置方法。主要内容包括: 气体爆炸现象与防治技术概述、气体爆炸理论基础等。
●
相关链接 在E读中查询图书 在五车中查询图书 在当当中查询图书 在豆瓣中查询图书


正题名:气体爆炸原理与防治技术     索取号:O38/17         预约/预借

序号 登录号 条形码 馆藏地/架位号 状态 备注
1 1203954   212039541   第二样本阅览室/ [索取号:O38/17] 在馆    
2 1203955   212039550   第三借阅区/ [索取号:O38/17] 在馆    
3 1203956   212039569   第三借阅区/ [索取号:O38/17] 在馆    
4 1203957   212039578   第三借阅区/ [索取号:O38/17] 在馆    
唐山师范学院图书馆 欢迎您!
大连网信软件有限公司© 版权所有